| 000 | 00728cam a22002653a 4500 | ||
|---|---|---|---|
| 001 | 27887 | ||
| 003 | PGUSA | ||
| 005 | 20140828083613.0 | ||
| 008 | 090125s2009||||xxu|||||s|||||000 1 eng d | ||
| 040 |
_aPGUSA _beng |
||
| 042 | _adc | ||
| 050 | 4 | _aQL | |
| 050 | 4 | _aPS | |
| 100 | 1 |
_aSeton, Ernest Thompson, _d1860-1946 |
|
| 245 | 1 | 0 |
_aWild Animals at Home _h[electronic resource] / _cErnest Thompson Seton |
| 260 |
_bProject Gutenberg, _c2009 |
||
| 506 | _aPublic domain in the USA. | ||
| 516 | _aElectronic text | ||
| 653 | _aAnimals -- Fiction | ||
| 653 | _aAnimal behavior | ||
| 653 | _aAnimals -- Anecdotes | ||
| 830 | 0 |
_aProject Gutenberg _v27887 |
|
| 856 | 4 | 0 | _uhttp://www.gutenberg.org/ebooks/27887 |
| 942 | _cEB | ||
| 999 |
_c257142 _d257142 |
||